| 000 | 00545cam a2200181 4500500 | ||
|---|---|---|---|
| 005 | 20260329003104.0 | ||
| 041 | _afre | ||
| 042 | _adc | ||
| 100 | 1 | 0 |
_aUngerer, Tomi _eauthor |
| 245 | 0 | 0 | _aPourquoi doit-on apprendre des choses ? |
| 260 | _c2014. | ||
| 500 | _a61 | ||
| 690 | _aÉcole | ||
| 690 | _aTechnologie | ||
| 690 | _aTomi Ungerer | ||
| 786 | 0 | _nPhilosophie magazine | 83 | 10 | 2014-10-01 | p. 4-4 | 1951-1787 | |
| 856 | 4 | 1 | _uhttps://shs.cairn.info/magazine-philosophie-magazine-2014-10-page-4?lang=fr&redirect-ssocas=7080 |
| 999 |
_c1821333 _d1821333 |
||